|
|
|
|
| LEADER |
00595cam a2200181 7i4500 |
| 001 |
0000032752 |
| 005 |
20151005090000.0 |
| 020 |
0 |
0 |
|a 9780198706205
|
| 090 |
0 |
0 |
|a B 338.941
|b NEW
|
| 245 |
0 |
0 |
|a New perspectives on industrial policy for a modern Britain.
|
| 260 |
0 |
0 |
|a Oxford:
|b Oxford University Press,
|c 2015.
|
| 300 |
# |
# |
|a 448 pages.
|
| 650 |
0 |
0 |
|a Industrial policy --
|z Great Britain
|
| 650 |
0 |
0 |
|a Great Britain --
|x Economic conditions --
|y 21st century
|
| 700 |
1 |
0 |
|a Bailey, David
|
| 700 |
1 |
0 |
|a Cowling, Keith
|
| 700 |
1 |
0 |
|a Tomlinson, Phil
|
| 999 |
|
|
|a 0000036392
|b Book
|c Book
|e Business Information Centre
|